Exploring woodworking : (Record no. 9511)
[ view plain ]
| 000 -LEADER | |
|---|---|
| fixed length control field | 00710nam a2200241 4500 |
| 001 - CONTROL NUMBER | |
| control field | 1274711 |
| 003 - CONTROL NUMBER IDENTIFIER | |
| control field | OSt |
| 005 - DATE AND TIME OF LATEST TRANSACTION | |
| control field | 20140310182119.0 |
| 008 - FIXED-LENGTH DATA ELEMENTS--GENERAL INFORMATION | |
| fixed length control field | 720516s1972 ilua 001 0 eng |
| 010 ## - LIBRARY OF CONGRESS CONTROL NUMBER | |
| LC control number | 75187334 |
| 020 ## - INTERNATIONAL STANDARD BOOK NUMBER | |
| International Standard Book Number | 0870061436 |
| 040 ## - CATALOGING SOURCE | |
| Original cataloging agency | DLC |
| Transcribing agency | DLC |
| Modifying agency | DLC |
| 050 00 - LIBRARY OF CONGRESS CALL NUMBER | |
| Classification number | TT 180 |
| Item number | .Z54 1972 |
| 082 00 - DEWEY DECIMAL CLASSIFICATION NUMBER | |
| Classification number | HS 684 |
| Item number | Z4 1972 |
| 100 1# - MAIN ENTRY--PERSONAL NAME | |
| Personal name | Zimmerman, Fred W. |
| 9 (RLIN) | 13923 |
| 245 10 - TITLE STATEMENT | |
| Title | Exploring woodworking : |
| Statement of responsibility, etc | Fred W. Zimmerman |
| Remainder of title | basic fundamentals / |
| 260 ## - PUBLICATION, DISTRIBUTION, ETC. (IMPRINT) | |
| Place of publication, distribution, etc | South Holland, Ill., |
| Name of publisher, distributor, etc | Goodheart-Willcox Co., |
| Date of publication, distribution, etc | c1972. |
| 300 ## - PHYSICAL DESCRIPTION | |
| Extent | 208 p. : |
| Other physical details | ill. ; |
| Dimensions | 29 cm. |
| 650 #0 - SUBJECT ADDED ENTRY--TOPICAL TERM | |
| Topical term or geographic name as entry element | Woodwork (Manual training) |
| 9 (RLIN) | 13924 |
| 906 ## - LOCAL DATA ELEMENT F, LDF (RLIN) | |
| a | 7 |
| b | cbc |
| c | orignew |
| d | 2 |
| e | ncip |
| f | 19 |
| g | y-gencatlg |
| 942 ## - ADDED ENTRY ELEMENTS (KOHA) | |
| Source of classification or shelving scheme | Library of Congress Classification |
| Koha item type | |
| Withdrawn status | Lost status | Source of classification or shelving scheme | Damaged status | Home library | Current library | Shelving location | Date acquired | Total Checkouts | Full call number | Barcode | Date last seen | Copy number | Price effective from | Koha item type |
|---|---|---|---|---|---|---|---|---|---|---|---|---|---|---|
| Library of Congress Classification | Luxembourg Library | Luxembourg Library | High School Section | 08/27/2013 | TT 180 .Z54 1972 | 5734 | 05/27/2015 | 1 | 08/27/2013 | Books |